The boarding house - Statistics

General Stats
  • This quiz has been taken 20 times
  • The average score is 6 of 8
Answer Stats
Question Answer % Correct
How does the title of the book relate to the story? The title refers to the place where Mrs. Mooney and her daughter live, where many important plot events occur.
100%
How old is Polly? 19
80%
Who is Jack Mooney? Mrs. Mooney's son
80%
What does the boarding house symbolize in the story? The boarding house represents an environment controlled by Mrs. Mooney, where the characters are subject to her authority and manipulation.
80%
How did the young men residents called Mrs Mooney? The Madam
80%
Does Mr.Doran wear glasses? yes
80%
What role does irony play in the story? Irony is used to highlight the contradictions between appearances and reality in the relationships between the characters
60%
Who is Mary? A servant
40%
No matching quizzes found
Score Distribution
Percent of People with Each Score
Percentile by Number Answered
Your Score History
You have not taken this quiz